000 00226nam a22000857a 4500
008 160916b xxu||||| |||| 00| 0 eng d
100 _9583
_aAhmed.S.etal.
245 _aMega Computers-VI
260 _aNew Delhi
_bP.P. Publications
_c2007
999 _c3239
_d3239